All I Ask- Adele (25) - Statistics

General Stats
  • This quiz has been taken 338 times
  • The average score is 235 of 280
Answer Stats
Answer % Correct
a
100%
all
99%
All
99%
ask
99%
I
99%
me
99%
you
99%
is
98%
Hold
97%
If
97%
if
97%
last
97%
Like
97%
like
97%
my
97%
this
97%
with
97%
do
96%
just
96%
night
96%
love
95%
than
95%
the
95%
Give
94%
I'm
94%
more
94%
friend
93%
what
93%
can
92%
we
90%
again
88%
by
88%
us
88%
be
87%
don't
87%
lovers
87%
never
87%
memory
86%
to
85%
who
84%
hand
83%
It
83%
Take
83%
use
83%
no
82%
No
82%
at
79%
will
79%
Cause
78%
know
78%
how
77%
heart
76%
your
76%
in
75%
there
75%
matters
74%
won't
74%
ends
73%
leave
73%
say
73%
And
72%
door
72%
So
72%
they
72%
word
72%
while
71%
for
69%
been
68%
before
68%
of
68%
Or
68%
or
68%
Look
67%
that
67%
we're
67%
not
66%
said
66%
why
65%
one
64%
It's
63%
play
62%
wrong
62%
pretend
61%
tomorrow
61%
get
60%
They've
60%
only
59%
scared
59%
you're
59%
coming
58%
next
58%
left
57%
Let
57%
need
57%
nothing
57%
eyes
56%
knows
56%
having
53%
honesty
53%
Tell
53%
already
52%
way
52%
what's
52%
our
50%
remember
50%
speak
50%
wanna
50%
since
45%
sure
45%
cruel
44%
forgiveness
44%
asking
42%
run
42%
lesson
41%
ain't
38%
vicious
28%
No matching quizzes found
Score Distribution
Percent of People with Each Score
Percentile by Number Answered
Your Score History
You have not taken this quiz